000 00443nam a2200205Ia 4500
001 14316
003 GE_BSU
008 181216s||||||||xx |||||||||||||| ||und||
020 _a0330336630
040 _cGE_BSU
080 _a821.111-312.4
100 _aWalters,Minette
245 4 _aThe Scold's Bridle
260 _aLondon
260 _bPan books
260 _c1994
300 _a452p.18cm.
653 _aThe Scold's Bridle
942 _cBK
999 _c47452
_d47452